000 00403cam a22001217a 4500
008 180718b1969 xxu||||| |||| 00| 0 eng d
082 _aA81x54 In2/61/12/Pt1B
100 _aCensus of India 1961
245 _aOrissa: report on vital statistics and fertility survey
260 _aDelhi
_bThe Manager of Publications
_c1969
300 _a104+p.
440 _aCensus of India 1961. Volume XII, Orissa. Part I-B
999 _c484083
_d484083